| 000 | 01337nam a22003015a 4500 | ||
|---|---|---|---|
| 003 | OSt | ||
| 005 | 20161030152540.0 | ||
| 008 | 161030s2016 ua frb 000 0 ara d | ||
| 015 | _a2016/5864 | ||
| 020 | _a9789770480564 | ||
| 040 |
_aEG-ScBUE _bara _cEG-ScBUE |
||
| 082 | 0 | 4 |
_a345.064 _bش م س _222 |
| 100 | 1 | _aشمس الدين، أشرف توفيق. | |
| 245 | 1 | 4 |
_aالجينات الوراثية والحماية الجنائية للحق في الخصوصية : _bدراسة مقارنة / _cأشرف توفيق شمس الدين. |
| 250 | _aط. 2. | ||
| 260 |
_aالقاهرة : _bدار النهضة العربية، _c2016. |
||
| 300 |
_a229 ص. ؛ _c24 سم. |
||
| 504 | _aيشتمل على إرجاعات ببليوجرافية. | ||
| 650 | 0 |
_aالاستنساخ _xقوانين وتشريعات _zمصر _2BUEsh |
|
| 650 | 0 |
_aالاستنساخ _xقوانين وتشريعات _zفرنسا _2BUEsh |
|
| 650 | 0 |
_aالاستنساخ _xقوانين وتشريعات _zالولايات المتحدة الأمريكية. _2BUEsh |
|
| 650 | 0 |
_aالاستنساخ _xقوانين وتشريعات _zألمانيا _2BUEsh |
|
| 650 | 0 |
_aالهندسة الوراثية. _2BUEsh _916950 |
|
| 650 | 0 |
_aقانون الإجراءات الجنائية. _2BUEsh _941140 |
|
| 651 | _2BUEsh | ||
| 653 |
_bLLAAWW _cOctober2016 |
||
| 942 | _2ddc | ||
| 999 |
_c22926 _d22898 |
||